| 000 | 00622nam a2200169Ia 4500 | ||
|---|---|---|---|
| 008 | 140609s9999 xx 000 0 und d | ||
| 020 | _a9780764158636 | ||
| 050 |
_aNC 755 _b.M363 2005 |
||
| 100 | _aMartin i Roig, Gabriel. | ||
| 245 |
_aLine and shading in drawing / _c[text, Gabriel MartiÌn Roig ; exercises, Marta Bru ... [et al.] ; photography, Nos & Soto ; English translation by Marcela Estibill] |
||
| 260 |
_aHauppauge, NY : _bBarron's Educational Series, Inc., _cc2005. |
||
| 300 |
_a95 p. : _bcol. ill. ; _c27 cm. |
||
| 440 | _a(Drawing Academy). | ||
| 521 | _aMA | ||
| 942 |
_kFOR _cBK |
||
| 999 |
_c118278 _d118278 |
||